[Event "Roncana op-B 10th"]
[Site "Santa Eulalia de Roncana"]
[Date "2016.10.15"]
[Round "4"]
[White "Barres Roca, Francesc"]
[Black "Puente Fernandez, Lucas"]
[Result "0-1"]
[WhiteElo "1605"]
[BlackElo "1166"]
[PlyCount "38"]
[EventDate "2016.09.24"]
[EventType "swiss"]
[EventRounds "8"]
[EventCountry "ESP"]
[SourceTitle "EXT 2018"]
[Source "ChessBase"]
[SourceDate "2017.10.13"]
[SourceVersion "1"]
[SourceVersionDate "2017.10.13"]
[SourceQuality "1"]

1. d4 Nf6 2. Nf3 e6 3. Nc3 b6 4. d5 exd5 5. Nxd5 Bb7 6. Nxf6+ Qxf6 7. e3 Be7 8. Qd4 Nc6 9. Qxf6 Bxf6 10. Bc4 Ne5 11. Nd2 Bxg2 12. Rg1 Nf3+ 13. Nxf3 Bxf3 14. Bd3 0-0-0 15. e4 d5 16. Rg3 dxe4 17. Ba6+ Kb8 18. Bg5 Bxb2 19. Rb1 Bc3+ 0-1

[Event "Roncana op-B 10th"]
[Site "Santa Eulalia de Roncana"]
[Date "2016.10.01"]
[Round "2"]
[White "Barres Roca, Francesc"]
[Black "Izquierdo Fuster, Joan"]
[Result "1/2-1/2"]
[WhiteElo "1605"]
[BlackElo "1131"]
[PlyCount "38"]
[EventDate "2016.09.24"]
[EventType "swiss"]
[EventRounds "8"]
[EventCountry "ESP"]
[SourceTitle "EXT 2018"]
[Source "ChessBase"]
[SourceDate "2017.10.13"]
[SourceVersion "1"]
[SourceVersionDate "2017.10.13"]
[SourceQuality "1"]

1. d4 d5 2. Nc3 Bf5 3. e3 e6 4. h3 a6 5. Bd3 Nf6 6. Bxf5 exf5 7. a3 Bd6 8. Qf3 Qd7 9. Nxd5 Qa4 10. Nxf6+ gxf6 11. Qxb7 Qa5+ 12. b4 Qa4 13. Qxa8 c6 14. Ne2 Qxc2 15. d5 0-0 16. f4 Re8 17. Nd4 Qc3+ 18. Kf2 Qxa1 19. Nxc6 Qa2+ 1/2-1/2